<?xml version="1.0" encoding="UTF-8"?>
<record
    xmlns:xsi="http://www.w3.org/2001/XMLSchema-instance"
    xsi:schemaLocation="http://www.loc.gov/MARC21/slim http://www.loc.gov/standards/marcxml/schema/MARC21slim.xsd"
    xmlns="http://www.loc.gov/MARC21/slim">

  <leader>01415nam a22002057a 4500</leader>
  <controlfield tag="008">120918t        xxu||||| |||| 00| 0 eng d</controlfield>
  <datafield tag="020" ind1=" " ind2=" ">
    <subfield code="a">1556155077</subfield>
  </datafield>
  <datafield tag="050" ind1=" " ind2=" ">
    <subfield code="a">QA76.9.D3 V55</subfield>
  </datafield>
  <datafield tag="100" ind1=" " ind2=" ">
    <subfield code="a">Viescas, John L.</subfield>
  </datafield>
  <datafield tag="245" ind1=" " ind2=" ">
    <subfield code="a">Running Microsoft Access. /</subfield>
    <subfield code="c">John L. Viescas</subfield>
  </datafield>
  <datafield tag="250" ind1=" " ind2=" ">
    <subfield code="a">Authorised ed.</subfield>
  </datafield>
  <datafield tag="260" ind1=" " ind2=" ">
    <subfield code="a">Redmond, Washington:</subfield>
    <subfield code="b">Microsoft Press,</subfield>
    <subfield code="c">1993.</subfield>
  </datafield>
  <datafield tag="300" ind1=" " ind2=" ">
    <subfield code="a">xvii, 522 p:</subfield>
    <subfield code="c">24cm.</subfield>
  </datafield>
  <datafield tag="500" ind1=" " ind2=" ">
    <subfield code="a">Includes index.</subfield>
  </datafield>
  <datafield tag="505" ind1=" " ind2=" ">
    <subfield code="a">Contents: Understanding Microsoft Access: Microsoft access is a database and more -- The Uses of microsoft access -- Touring Microsoft Access -- Building a database: Designing your database -- Building your database in Microsoft Access -- Modifying your database design -- Working with data: Using datasheets -- Adding power with select queries -- Modifying data with action queries -- Importing, attaching, and exporting data -- Using forms: Form basics -- Building a form -- Customizing forms -- Advanced form design -- Building reports: Report basics -- Constructing a report -- Advanced report design -- Creating an application: Adding power with macros -- Designing the prompt computer solutions application -- Appendix A: Installing Microsoft Access -- Appendix B: Sample database schemas -- Appendix C: The Database analyzer.</subfield>
  </datafield>
  <datafield tag="650" ind1=" " ind2=" ">
    <subfield code="a">Database management. </subfield>
  </datafield>
  <datafield tag="650" ind1=" " ind2=" ">
    <subfield code="a">Microsoft Access. </subfield>
  </datafield>
  <datafield tag="650" ind1=" " ind2=" ">
    <subfield code="a">Databases</subfield>
    <subfield code="x"> Management </subfield>
    <subfield code="x">Software </subfield>
  </datafield>
  <datafield tag="942" ind1=" " ind2=" ">
    <subfield code="2">lcc</subfield>
    <subfield code="c">BK</subfield>
  </datafield>
  <datafield tag="999" ind1=" " ind2=" ">
    <subfield code="c">2349</subfield>
    <subfield code="d">9849</subfield>
  </datafield>
  <datafield tag="952" ind1=" " ind2=" ">
    <subfield code="0">0</subfield>
    <subfield code="1">0</subfield>
    <subfield code="2">lcc</subfield>
    <subfield code="4">0</subfield>
    <subfield code="7">0</subfield>
    <subfield code="a">WIUC-1</subfield>
    <subfield code="b">WIUC-1</subfield>
    <subfield code="c">GEN</subfield>
    <subfield code="d">2012-09-18</subfield>
    <subfield code="l">0</subfield>
    <subfield code="o">QA76.9.D3 V55</subfield>
    <subfield code="p">6052/12</subfield>
    <subfield code="r">2012-09-18 00:00:00</subfield>
    <subfield code="t">1</subfield>
    <subfield code="w">2012-09-18</subfield>
    <subfield code="y">BK</subfield>
  </datafield>
</record>
